| 000 | 00761nam a2200229Ia 4500 | ||
|---|---|---|---|
| 008 | 191130s2004##################000#0#eng## | ||
| 020 | _a9780826469656 | ||
| 022 | _a2004556650 | ||
| 040 |
_aACL _cACL |
||
| 082 | _a302.2 THI | ||
| 100 | _aThibault, Paul J | ||
| 245 |
_aBrain, mind, and the signifying body : an ecosocial semiotic theory _cPaul J. Thibault ; with a foreword by M.A.K. Halliday |
||
| 260 |
_aNew York _bContinuum _c2004 |
||
| 300 | _axv, 344 p. : ill. ; 25 cm. | ||
| 500 | _aIncludes bibliographical references (p. [318]-330) and indexes | ||
| 650 | _aDiscourse analysis | ||
| 650 | _aPsycholinguistics | ||
| 650 | _aSemiotics - Social aspects | ||
| 990 | _aa412fe86ac10000c2696284bb8699761 | ||
| 991 | _a214981 | ||
| 999 |
_c119147 _d119147 |
||